| 000 | 01017nam a2200253 i 4500 | ||
|---|---|---|---|
| 001 | bg | ||
| 245 | 0 | 0 |
_aGospodarowanie wodą w łęgowej dolinie górnej Narwi : _bpraca zbiorowa / _cpod red. Waldemara Mioduszewskiego ; Instytut Melioracji i Użytków Zielonych. Zakład Zasobów Wodnych. |
| 260 |
_aFalenty : _bWydaw. IMUZ, _c2002. |
||
| 300 |
_a78 s. : _bil., mapy ; _c24 cm. |
||
| 504 | _aBibliogr. | ||
| 651 | 9 |
_aNarew (dolina) _xhydrologia |
|
| 651 | 9 |
_aNarew (dolina) _xgospodarka _yod 1944 r. |
|
| 651 | 9 |
_aNarew (dorzecze) _xhydrologia |
|
| 700 | 1 |
_aMIODUSZEWSKI, Waldemar. _eRed. |
|
| 710 | 0 |
_aInstytut Melioracji i Użytków Zielonych (Falenty) _bZakład Zasobów Wodnych |
|
| 020 | _a8388763202 | ||
| 040 | _cBPK | ||
| 041 | 0 | _apol | |
| 080 | _a556.18(438)"1944/..." | ||
| 920 | _a83-88763-20-2 | ||
| 942 | _cKS | ||
| 008 | s pl f |000 0 pol | ||
| 999 |
_c43003 _d43003 |
||
| 856 |
_uhttp://koha.tu.koszalin.pl/cgi-bin/koha/opac-detail.pl?biblionumber=43003 _yKatalog online BPK |
||